Logique Sportive - Mort Subite #36.2 - Statistiques

Statistiques générales
  • Ce quiz a été pris 901 fois
  • Le résultat moyen est 10 sur 31
Answers on the Grid
Answers color-coded by a green-red scale on the quiz's grid according to % correct below.
Basket
Triathlon
Piscine
35 mètres
Rivière
Apesanteur
1896
Cascade
Kathy Ledecky
Eau
Brasse
Tasse (à pas boire)
Nœud Papillon
Chlore
Gabriel Dos Santos Araujo
Ordinateur
Parapluie
Ligne d'eau
Gardien
Papillon
Battements des jambes
Leon Marchand
Cagoule
Mer
Dos
Michael Phleps
Télécommande
25 mètres
Plongeoir
Sable
Planche
Jeux Paralympiques
Michael Jordan
Ryan Lochte
Cléo Renou
4 nages
Ampoule
Crawl
Musique
Coulée
Virage
Chaise
Exportation
Apnée
Doigts Ouverts
Lac
Culbute
Lunettes
 
Statistiques - réponses
Réponse % Correct
Piscine
60%
Eau
52%
Brasse
44%
Crawl
44%
Leon Marchand
44%
Apnée
43%
Plongeoir
43%
4 nages
42%
Ligne d'eau
41%
Triathlon
41%
Chlore
40%
Dos
39%
Rivière
39%
Coulée
38%
Papillon
38%
Mer
36%
Michael Phleps
36%
Lac
34%
Battements des jambes
33%
25 mètres
31%
Lunettes
30%
Planche
30%
Jeux Paralympiques
29%
Tasse (à pas boire)
29%
Virage
19%
Culbute
18%
Kathy Ledecky
16%
Ryan Lochte
11%
1896
6%
Gabriel Dos Santos Araujo
5%
Cléo Renou
4%
Aucun quiz correspondant
Distribution des résultats
% des personnes avec chaque résultat
Percentile par nombre de réponses
Votre historique - résultats
Vous n’avez pas pris ce quiz